Statistics for Guess the Taylor Swift Song (no hints) 84

Click here to take the quiz!

General Stats

  • This quiz has been taken 44 times
  • The average score is 249 of 384

Answer Stats

Answer% Correct
I
100%
The
100%
the
100%
a
98%
you
95%
you,
95%
You
95%
me
93%
me,
93%
it
90%
that
90%
And
88%
and
88%
be
88%
is
88%
like
88%
to
88%
for
85%
I'm
85%
way
85%
When
85%
when
85%
your
85%
you're
85%
all
83%
in
83%
my
83%
on
83%
So
83%
so
83%
then
83%
We
83%
But
78%
but
78%
say
78%
Say
78%
too
78%
We're
78%
love
75%
can
73%
Don't
73%
I'll
73%
been
68%
I've
68%
think
68%
ever
65%
never
65%
up,
65%
with
65%
'Cause
63%
from
63%
can't
60%
could
60%
hear
60%
oh
60%
oh,
60%
time
60%
baby
55%
Baby,
55%
Every
53%
every
53%
our
53%
out
53%
gonna
50%
have
50%
should
50%
Well,
50%
didn't
48%
fall
48%
fall,
48%
wanna
48%
got
45%
had
45%
into
45%
feeling
43%
yeah
43%
here
40%
jump
40%
Jump
40%
night
40%
smile
40%
smile,
40%
stay
40%
through
40%
wanted
40%
leave
38%
talk,
38%
afraid
35%
afraid,
35%
come
35%
things
35%
without
35%
cry
33%
laugh
33%
morning
33%
need
33%
phone
33%
sound
33%
together
33%
best
30%
everything
30%
face
30%
face,
30%
Whoa,
30%
mad
28%
over
28%
shine
28%
shine,
28%
Take
28%
catch
25%
each
25%
hair
25%
keep
25%
please
25%
under
25%
warning
25%
falls
23%
freckle
23%
heard
23%
hold
23%
honey
23%
notice
23%
breath
20%
focus
20%
I'ma
20%
realize
20%
show
20%
until
20%
watch
20%
wrapped
20%
bottom's
18%
bring
18%
closer
18%
deep
18%
drop
18%
feet
18%
keys
18%
knees
18%
people
18%
words
18%

Score Distribution

Percentile by Number Answered

Percent of People with Each Score

Your Score History

You have not taken this quiz